Miasta nad Wisłą - Statystyki

Ogólne statystyki
  • Ten quiz został rozwiązany 141 razy
  • Średni wynik to 17 z 53
Statystyki odpowiedzi
Ludność Miasto % Poprawnych
779 115 Kraków
99%
1 790 658 Warszawa
99%
470 907 Gdańsk
92%
201 447 Toruń
86%
348 190 Bydgoszcz
80%
119 425 Płock
75%
11 132 Wisła
66%
109 883 Włocławek
65%
23 193 Sandomierz
63%
94 368 Grudziądz
58%
47 417 Puławy
52%
60 257 Tczew
51%
2 530 Kazimierz Dolny
44%
46 745 Tarnobrzeg
40%
28 660 Nowy Dwór Mazowiecki
37%
16 073 Ustroń
34%
36 884 Malbork
33%
38 005 Oświęcim
33%
44 873 Otwock
33%
25 634 Świecie
32%
19 510 Chełmno
26%
16 058 Dęblin
26%
10 618 Ciechocinek
23%
20 605 Józefów
23%
15 635 Solec Kujawski
23%
2 634 Wyszogród
21%
35 631 Czechowice-Dziedzice
20%
6 791 Gniew
19%
11 845 Góra Kalwaria
19%
5 787 Nowe
19%
16 875 Łomianki
18%
24 310 Skawina
18%
14 550 Skoczów
18%
2 117 Dobrzyń nad Wisłą
17%
329 Opatowiec
17%
2 488 Annopol
14%
1 843 Nieszawa
14%
3 257 Zakroczym
14%
1 477 Baranów Sandomierski
13%
13 564 Niepołomice
13%
955 Nowy Korczyn
13%
1 793 Zawichost
13%
10 003 Nowy Dwór Gdański
12%
920 Józefów nad Wisłą
11%
9 998 Karczew
11%
19 539 Bieruń
10%
11 345 Brzeszcze
9%
778 Koszyce
9%
8 098 Połaniec
9%
4 145 Szczucin
9%
1 667 Nowe Brzesko
6%
3 643 Strumień
6%
4 196 Nowy Staw
1%
Nie znaleziono quizów pasujących do podanych kryteriów
Rozkład punktacji
Procent ludzi z każdym wynikiem
Percentyl według liczby udzielonych odpowiedzi
Twoja historia wyników
Nie rozwiązałeś tego quizu